The thirst / (Record no. 529787)

000 -LEADER
fixed length control field 02360cam a2200505 i 4500
001 - CONTROL NUMBER
control field 19540186
003 - CONTROL NUMBER IDENTIFIER
control field NUST
005 - DATE AND TIME OF LATEST TRANSACTION
control field 20191003111116.0
008 - FIXED-LENGTH DATA ELEMENTS--GENERAL INFORMATION
fixed length control field 170306s2017 nyub 000 1 eng
010 ## - LIBRARY OF CONGRESS CONTROL NUMBER
LC control number 2017008487
020 ## - INTERNATIONAL STANDARD BOOK NUMBER
International Standard Book Number 9780385352161 (hardcover)
020 ## - INTERNATIONAL STANDARD BOOK NUMBER
Canceled/invalid ISBN 9780385352178 (ebook)
038 ## - RECORD CONTENT LICENSOR
Staff Name waseem
040 ## - CATALOGING SOURCE
Original cataloging agency DLC
Language of cataloging eng
Transcribing agency DLC
Description conventions rda
Modifying agency DLC
041 1# - LANGUAGE CODE
Language code of text/sound track or separate title eng
Language code of original nor
042 ## - AUTHENTICATION CODE
Authentication code pcc
043 ## - GEOGRAPHIC AREA CODE
Geographic area code e-no---
050 00 - LIBRARY OF CONGRESS CALL NUMBER
Classification number PT8951.24.E83
Item number T6713 2017
082 00 - DEWEY DECIMAL CLASSIFICATION NUMBER
Classification number 839.8238
Author Mark NES
084 ## - OTHER CLASSIFICATION NUMBER
Classification number FIC022000
-- FIC030000
Number source bisacsh
100 1# - MAIN ENTRY--PERSONAL NAME
Personal name Nesbø, Jo,
Dates associated with a name 1960-
Relator term author.
9 (RLIN) 22592
240 10 - UNIFORM TITLE
Uniform title Tørst.
Language of a work English.
245 14 - TITLE STATEMENT
Title The thirst /
Statement of responsibility, etc. Jo Nesbø ; translated from the Norwegian by Neil Smith.
250 ## - EDITION STATEMENT
Edition statement First U.S. edition.
264 #1 - PRODUCTION, PUBLICATION, DISTRIBUTION, MANUFACTURE, AND COPYRIGHT NOTICE
Place of production, publication, distribution, manufacture New York :
Name of producer, publisher, distributor, manufacturer Alfred A. Knopf,
Date of production, publication, distribution, manufacture, or copyright notice [2017]
300 ## - PHYSICAL DESCRIPTION
Extent 461 pages :
Other physical details map ;
Dimensions 24 cm.
336 ## - CONTENT TYPE
Content type term text
Content type code txt
Source rdacontent
337 ## - MEDIA TYPE
Media type term unmediated
Media type code n
Source rdamedia
338 ## - CARRIER TYPE
Carrier type term volume
Carrier type code nc
Source rdacarrier
490 0# - SERIES STATEMENT
Series statement Harry Hole series ;
Volume/sequential designation 11
520 ## - SUMMARY, ETC.
Summary, etc. "Harry Hole returns in the eleventh installment of the best-selling, electrifying crime fiction series that includes The Bat, The Snowman, and, most recently, Police. In Police--the last novel featuring Jo Nesbø's hard-bitten, maverick Oslo detective--a killer wreaking revenge on the police had Harry Hole fighting for the safety of the people closest to him. Now, in The Thirst, the story continues as Harry is inextricably drawn back into the Oslo police force. A serial murderer has begun targeting Tinder daters--a murderer whose MO reignites Harry's hunt for a nemesis of his past"--
Assigning source Provided by publisher.
546 ## - LANGUAGE NOTE
Language note Translated from the Norwegian.
650 #0 - SUBJECT ADDED ENTRY--TOPICAL TERM
Topical term or geographic name entry element Hole, Harry (Fictitious character)
Form subdivision Fiction.
9 (RLIN) 22593
650 #0 - SUBJECT ADDED ENTRY--TOPICAL TERM
Topical term or geographic name entry element Police
Geographic subdivision Norway
-- Oslo
Form subdivision Fiction.
9 (RLIN) 22594
650 #0 - SUBJECT ADDED ENTRY--TOPICAL TERM
Topical term or geographic name entry element Serial murderers
Geographic subdivision Norway
-- Oslo
Form subdivision Fiction.
9 (RLIN) 22595
650 #0 - SUBJECT ADDED ENTRY--TOPICAL TERM
Topical term or geographic name entry element Serial murder investigation
Form subdivision Fiction.
9 (RLIN) 22588
650 #7 - SUBJECT ADDED ENTRY--TOPICAL TERM
Topical term or geographic name entry element FICTION / Mystery & Detective / General.
Source of heading or term bisacsh
9 (RLIN) 22569
650 #7 - SUBJECT ADDED ENTRY--TOPICAL TERM
Topical term or geographic name entry element FICTION / Suspense.
Source of heading or term bisacsh
9 (RLIN) 22570
655 #7 - INDEX TERM--GENRE/FORM
Genre/form data or focus term Suspense fiction.
Source of term gsafd
9 (RLIN) 4577
655 #7 - INDEX TERM--GENRE/FORM
Genre/form data or focus term Mystery fiction.
Source of term gsafd
9 (RLIN) 5621
700 1# - ADDED ENTRY--PERSONAL NAME
Personal name Smith, Neil
Fuller form of name (Neil Andrew),
Relator term translator.
9 (RLIN) 22596
906 ## - LOCAL DATA ELEMENT F, LDF (RLIN)
a 7
b cbc
c orignew
d 1
e ecip
f 20
g y-gencatlg
942 ## - ADDED ENTRY ELEMENTS (KOHA)
Source of classification or shelving scheme
Koha item type Book
Holdings
Withdrawn status Lost status Source of classification or shelving scheme Damaged status Not for loan Permanent Location Current Location Shelving location Date acquired Source of acquisition Total Checkouts Full call number Barcode Date last seen Date last checked out Price effective from Koha item type
          Central Library (CL) Central Library (CL) Fiction 10/03/2019 Donation 2 839.8238 NES CL-D-579 03/17/2026 10/01/2025 10/03/2019 Book
© 2023 Central Library, National University of Sciences and Technology. All Rights Reserved.